000 00469nmm a2200169Ia 4500
008 251105s9999||||xx |||||||||||||||||und||
020 _a9791222410371
041 _aspa
100 _aBeaufays, Ignacio
245 0 _aHistoria de San Pascual Bailón
264 _a[Quito, Ecuador] :
_bCervantes Digital,
_c2023
300 _a149 páginas
490 _aReligiosos
650 _aReligion(s)
856 _uhttps://public.digitaliapublishing.com/a/127867
942 _cCF
999 _c98176
_d98176